Châu về hợp phố Tiểu thuyết T.1

Uloženo v:
Podrobná bibliografie
Hlavní autor: Phú Đức
Médium: Kniha
Vydáno: Tiền Giang Tổng hợp Tiền Giang 1988
Témata:
Tagy: Přidat tag
Žádné tagy, Buďte první, kdo otaguje tento záznam!
Thư viện lưu trữ: Trung tâm Học liệu Lê Vũ Hùng, Trường Đại học Đồng Tháp
LEADER 00702pam a22002058a 4500
001 00020052
005 20171026081022.0
008 110510s1988 ||||||Viesd
041 0 # |a Vie 
082 1 4 |a 895.922 3  |b CH125V 
100 0 # |a Phú Đức 
245 0 0 |a Châu về hợp phố  |b Tiểu thuyết  |c Phú Đức  |n T.1 
260 # # |a Tiền Giang  |b Tổng hợp Tiền Giang  |c 1988 
300 # # |a 423 tr.  |c 19 cm. 
650 # 4 |a Tiểu thuyết 
852 # # |b Kho mượn  |j KM.0009551 
852 # # |b Kho đọc  |j KD.0002529 
852 # # |j KM.0009551  |j KD.0002529 
910 0 # |a Hoa Lê  |d 10/05/2011 
980 # # |a Trung tâm Học liệu Lê Vũ Hùng, Trường Đại học Đồng Tháp